000 00622nam a2200193Ii 4500
003 JO-AjNU
008 230605s9999||||xx |||||||||||||| ||und||
040 _aJO-AjNU
_bara
_erda
_cJO-AjNU
041 _aara
050 1 4 _aPJ7862.A9.Z54 1990
100 3 _aبطرس،أنطونيوس,
_eauthor
_919711
245 0 0 _aبدر شاكر السياب: شاعر الوجع
264 3 1 _aبيروت: المؤسسة الحديثة للكتاب، 1900
300 _a272ص
336 _atext
_btxt
_2rdacontent
337 _aunmediated
_bn
_2rdamedia
338 _avolume
_bnc
_2rdacarrier
650 4 _aالشعر العربي
_919712
999 _aA6553
_c10121
_d10121